Stará Ľubovňa

Zobrazenie: v pravej hornej časti pohľadnice sa nachádza kostolná veža, výstražná dopravná značka, dvaja stojaci muži, v strednej časti pohľadnice sa nachádza prašná cesta, v ľavom spodnom rohu sa nachádzajú dva drevené povozy a ľavom hornom rohu výšková dvojpodlažná budova...

Full description

Bibliographic Details
Format: Photo
Language:Slovak
PhysicalDescription:1 pohľadnica čiernobiela 9 x 14 cm
Published: Bratislava "Kriváň" s. s r. o. 1948
Subjects:

MARC

LEADER 00000nkm a2200000 a 4500
001 vtls011767482
003 SK-MaSNL
005 20260302054541.0
007 kf bo
008 240221s1948 xo g kuslo
015 |a SNBG1948 
035 |a urn:nbn:sk:snk-km00dmju 
035 |a urn:nbn:sk:snk-km3m0p5 
035 |a 81668768-92AE-42AE-8898-E80D41AF75ED 
040 |a SNK  |b slo  |c SNK  |e AACR2 
041 0 |a slo 
043 |a e-xo--- 
044 |a xo  |c SK 
072 7 |a 913  |x Regionálna geografia  |2 konspekt 
072 7 |a 72  |x Architektúra  |2 konspekt 
080 |a 913(437.6)  |2 2011 
080 |a 726:27-523.42  |2 2011 
080 |a (084.121)  |2 2011 
245 0 0 |a Stará Ľubovňa  |h grafika 
260 |a Bratislava  |b "Kriváň" s. s r. o.  |c 1948 
300 |a 1 pohľadnica  |b čiernobiela  |c 9 x 14 cm 
520 8 |a Zobrazenie: v pravej hornej časti pohľadnice sa nachádza kostolná veža, výstražná dopravná značka, dvaja stojaci muži, v strednej časti pohľadnice sa nachádza prašná cesta, v ľavom spodnom rohu sa nachádzajú dva drevené povozy a ľavom hornom rohu výšková dvojpodlažná budova 
650 0 7 |a kostoly  |2 SNKPH  |9 3023 
651 7 |a Stará Ľubovňa (Slovensko)  |2 SNKPHgeo  |9 19193 
655 7 |a miestne pohľadnice  |2 SNKPH  |9 70510 
852 |a Slovenská národná knižnica 
958 |a EUIPO 
958 |a GBN 
958 |a GC 
958 |a OND 
999 |c 1113721  |d 1115651 
952 |a SNK  |b SNK  |y PREZ  |7 0  |p 17A1222258  |o snkSP 23029  |0 0  |1 0  |4 0  |d 2018-07-18  |f 1  |l 0  |r 2026-02-24 18:08:45  |w 2026-02-24